| 000 | 00437nam a2200169Ia 4500 | ||
|---|---|---|---|
| 008 | 230524s9999 xx 000 0 und d | ||
| 020 | _a9780199480173 | ||
| 082 |
_a5.133 _bTHA |
||
| 100 | _aReema Thareja | ||
| 245 | 0 | _aPython Programming Using Problem Solving Approach | |
| 250 | _a1 | ||
| 260 |
_aNew Delhi _bOxford _c2022 |
||
| 300 | _a"xiii,544p;" | ||
| 500 | _aQuantity Number: 40 | ||
| 650 | _aComputer Science | ||
| 942 | _cBK | ||
| 999 |
_c60682 _d60682 |
||